La revolución industrial / (Record no. 11825)

MARC details
000 -CABECERA
campo de control de longitud fija 00869nam a2200253 4500
003 - IDENTIFICADOR DEL NÚMERO DE CONTROL
campo de control OSt
005 - FECHA Y HORA DE LA ÚLTIMA TRANSACCIÓN
campo de control 20260530113902.0
008 - DATOS DE LONGITUD FIJA--INFORMACIÓN GENERAL
campo de control de longitud fija 260422b1965 sp |||| |||| 00| 0 spa d
040 ## - FUENTE DE LA CATALOGACIÓN
Centro catalogador/agencia de origen ICI
Lengua de catalogación spa
Centro/agencia transcriptor ICI
050 ## - SIGNATURA TOPOGRÁFICA DE LA BIBLIOTECA DEL CONGRESO
Número de clasificación HC51
Número de documento/Ítem P535
100 1# - ENTRADA PRINCIPAL--NOMBRE DE PERSONA
Nombre de persona Pietsch, Max,
9 (RLIN) 32435
245 10 - MENCIÓN DE TÍTULO
Título La revolución industrial /
Mención de responsabilidad, etc. Max Pietsch ; traducción de Alejandro Ros
264 #1 - PRODUCCIÓN, PUBLICACIÓN, DISTRIBUCIÓN, FABRICACIÓN Y COPYRIGHT
Nombre del de productor, editor, distribuidor, fabricante Herder,
Fecha de producción, publicación, distribución, fabricación o copyright 1965
Producción, publicación, distribución, fabricación y copyright Max Pietsch ; traducción de Alejandro Ros
300 ## - DESCRIPCIÓN FÍSICA
Extensión 150 páginas
Dimensiones 17.6 cm
336 ## - TIPO DE CONTENIDO
Término de tipo de contenido texto
Fuente rdacontent
337 ## - TIPO DE MEDIO
Nombre/término del tipo de medio sin medio
Fuente rdamedia
338 ## - TIPO DE SOPORTE
Nombre/término del tipo de soporte volumen
Fuente rdacarrier
490 0# - MENCIÓN DE SERIE
Mención de serie Pequeña biblioteca Herder ;
Designación de volumen o secuencia 54-
505 ## - NOTA DE CONTENIDO CON FORMATO
Nota de contenido con formato Contenido; v. 1. De la maquina de vapor a la racionalización
650 #4 - PUNTO DE ACCESO ADICIONAL DE MATERIA--TÉRMINO DE MATERIA
Término de materia o nombre geográfico como elemento de entrada Historia económica
Subdivisión cronológica 1750-1918
9 (RLIN) 32436
650 #4 - PUNTO DE ACCESO ADICIONAL DE MATERIA--TÉRMINO DE MATERIA
Término de materia o nombre geográfico como elemento de entrada Industrializacion
Subdivisión de forma Estudio de casos
9 (RLIN) 32437
700 1# - PUNTO DE ACCESO ADICIONAL--NOMBRE DE PERSONA
Nombre de persona Ros, Alejandro,
Término indicativo de función/relación traductor
9 (RLIN) 32438
942 ## - ELEMENTOS DE PUNTO DE ACCESO ADICIONAL (KOHA)
Fuente del sistema de clasificación o colocación Library of Congress Classification
Tipo de ítem Koha

No items available.